[Event "HUN-chT2 Maroczy 1011"]
[Site "Hungary"]
[Date "2010.09.12"]
[Round "1"]
[White "Papp, Balazs"]
[Black "Mullner, Imre"]
[Result "1-0"]
[WhiteElo "2126"]
[BlackElo "2213"]
[PlyCount "95"]
[EventDate "2010.09.12"]
[EventType "team-tourn"]
[EventRounds "11"]
[EventCountry "HUN"]
[SourceTitle "EXT 2012"]
[Source "ChessBase"]
[SourceDate "2011.11.24"]
[SourceVersion "1"]
[SourceVersionDate "2011.11.24"]
[SourceQuality "1"]
[WhiteTeam "Maroczy"]
[BlackTeam "MLTC II"]
[WhiteTeamCountry "HUN"]
[BlackTeamCountry "HUN"]

1. d4 Nf6 2. c4 e6 3. Nc3 d5 4. cxd5 exd5 5. Bg5 Be7 6. e3 0-0 7. Bd3 b6 8. Nf3 Bb7 9. 0-0 Nbd7 10. Qc2 h6 11. Bh4 a6 12. Bf5 Re8 13. Rac1 c5 14. dxc5 bxc5 15. Rfd1 Nb6 16. Ne2 Nfd7 17. Bg3 Nf8 18. Ned4 g6 19. Bh3 Nfd7 20. Ne6 Qc8 21. Nc7 Bf6 22. b4 c4 23. Nd4 Re4 24. Nxa8 Qxa8 25. a4 Ne5 26. Bxe5 Bxe5 27. a5 Nc8 28. g3 Bd6 29. Bg2 Re7 30. Qb2 Na7 31. Rb1 Rc7 32. b5 c3 33. Qc2 axb5 34. Nxb5 Nxb5 35. Rxb5 Bc6 36. Bxd5 Bxd5 37. Rbxd5 Bf8 38. R1d3 Qb7 39. Rd1 Bg7 40. Rd8+ Kh7 41. R8d6 Qb5 42. a6 Bf8 43. Rb1 Qa5 44. Rdb6 Ba3 45. Rb7 Bb2 46. Rxc7 Qxc7 47. Rxb2 cxb2 48. Qxb2 1-0

[Event "HUN-chT2 Maroczy 0910"]
[Site "Hungary"]
[Date "2010.04.18"]
[Round "10"]
[White "Barcsi, Judit"]
[Black "Papp, Balazs"]
[Result "0-1"]
[WhiteElo "2040"]
[BlackElo "2108"]
[PlyCount "75"]
[EventDate "2009.11.08"]
[EventType "team-tourn"]
[EventRounds "11"]
[EventCountry "HUN"]
[SourceTitle "EXT 2011"]
[Source "ChessBase"]
[SourceDate "2010.11.26"]
[SourceVersion "1"]
[SourceVersionDate "2010.11.26"]
[SourceQuality "1"]
[WhiteTeam "Gyula"]
[BlackTeam "Maroczy"]
[WhiteTeamCountry "HUN"]
[BlackTeamCountry "HUN"]

1. e4 c5 2. Nf3 d6 3. c4 Nc6 4. Nc3 Nf6 5. h3 b6 6. d3 g6 7. Bg5 Bg7 8. Qd2 h6 9. Be3 Bb7 10. g4 h5 11. g5 Nh7 12. Bg2 0-0 13. Nh4 e5 14. 0-0 Nd4 15. Nf3 f5 16. gxf6 Qxf6 17. Bxd4 cxd4 18. Ne2 Bc8 19. Kh2 g5 20. Nfg1 Bh6 21. Ng3 g4 22. Qe2 Bf4 23. f3 Qh4 24. Qe1 Ng5 25. fxg4 hxg4 26. Rc1 Rf7 27. Rc2 Rg7 28. N1e2 Nxh3 29. Nxf4 exf4 30. Bxh3 fxg3+ 31. Qxg3 Qxg3+ 32. Kxg3 gxh3+ 33. Kh2 Rf7 34. Rg1+ Kf8 35. Rg6 Ke7 36. Rg8 Bb7 37. Rxa8 Bxa8 38. Kxh3 0-1

[Event "HUN-chT2 Maroczy 0910"]
[Site "Hungary"]
[Date "2010.01.31"]
[Round "5"]
[White "Papp, Balazs"]
[Black "Gyurkovics, Miklos"]
[Result "0-1"]
[WhiteElo "2108"]
[BlackElo "2175"]
[PlyCount "52"]
[EventDate "2009.11.08"]
[EventType "team-tourn"]
[EventRounds "11"]
[EventCountry "HUN"]
[SourceTitle "EXT 2011"]
[Source "ChessBase"]
[SourceDate "2010.11.26"]
[SourceVersion "1"]
[SourceVersionDate "2010.11.26"]
[SourceQuality "1"]
[WhiteTeam "Maroczy"]
[BlackTeam "Vasas"]
[WhiteTeamCountry "HUN"]
[BlackTeamCountry "HUN"]

1. d4 d5 2. c4 e5 3. dxe5 d4 4. Nf3 Nc6 5. g3 Nge7 6. Bg2 Ng6 7. 0-0 Be7 8. Nbd2 Ngxe5 9. a3 0-0 10. Qc2 d3 11. exd3 Qxd3 12. Qa4 Nxf3+ 13. Nxf3 Be6 14. Bg5 Bc5 15. Rfd1 Qf5 16. Bf4 a6 17. b4 b5 18. Nh4 Qf6 19. cxb5 Bd4 20. bxa6 Bxa1 21. Qxc6 Rad8 22. Rc1 Bb2 23. Bxc7 Bxc1 24. Bxd8 Qa1 25. Ba5 Rc8 26. Qb5 Bc4 0-1

[Event "HUN-chT2 Maroczy 0910"]
[Site "Hungary"]
[Date "2010.01.17"]
[Round "4"]
[White "Papp, Balazs"]
[Black "Toviskes, Antal"]
[Result "1-0"]
[WhiteElo "2108"]
[BlackElo "2061"]
[PlyCount "55"]
[EventDate "2009.11.08"]
[EventType "team-tourn"]
[EventRounds "11"]
[EventCountry "HUN"]
[SourceTitle "EXT 2011"]
[Source "ChessBase"]
[SourceDate "2010.11.26"]
[SourceVersion "1"]
[SourceVersionDate "2010.11.26"]
[SourceQuality "1"]
[WhiteTeam "Maroczy"]
[BlackTeam "Hajduboszormeny"]
[WhiteTeamCountry "HUN"]
[BlackTeamCountry "HUN"]

1. d4 Nf6 2. c4 g6 3. Nc3 d5 4. cxd5 Nxd5 5. e4 Nxc3 6. bxc3 Bg7 7. Bc4 c5 8. Ne2 0-0 9. 0-0 Nc6 10. Be3 Qc7 11. Rc1 Na5 12. Bd3 Be6 13. Bf4 Qc8 14. d5 Bd7 15. c4 b6 16. Qd2 Re8 17. Bh6 Bh8 18. f4 Nb7 19. f5 Be5 20. fxg6 hxg6 21. Qg5 Qc7 22. Rxf7 Kxf7 23. Rf1+ Bf6 24. e5 Rg8 25. exf6 e5 26. Bg7 Rxg7 27. fxg7+ Kg8 28. Qxg6 1-0